[Event "4. Copenhagen Open Politiken Cup"]
[Site "Brndby"]
[Date "1982.??.??"]
[Round "7"]
[White "Akesson, Ralf"]
[Black "Fedder, Steen"]
[Result "1/2-1/2"]
[WhiteElo "2405"]
[BlackElo "2420"]
[PlyCount "104"]
[EventDate "1982.??.??"]
[EventType "swiss"]
[EventRounds "10"]
[EventCountry "DEN"]
[SourceDate "2004.01.01"]

1. c4 Nf6 2. Nc3 c5 3. Nf3 e6 4. g3 b6 5. Bg2 Bb7 6. O-O Be7 7. Re1 Ne4 8. Nxe4
Bxe4 9. d3 Bb7 10. e4 Nc6 11. d4 cxd4 12. Nxd4 O-O 13. Nb5 d6 14. Be3 Qd7 15.
Qe2 Rfc8 16. Rad1 Ne5 17. b3 a6 18. Nc3 b5 19. f4 Ng6 20. c5 Qc6 21. Nd5 dxc5
22. f5 exd5 23. exd5 Qd7 24. fxg6 hxg6 25. d6 Bf8 26. Bxb7 Qxb7 27. Qg2 Qxg2+
28. Kxg2 Rab8 29. Bxc5 Rd8 30. b4 Rd7 31. Re3 Rc8 32. Rd5 f6 33. h4 Kf7 34. Kf3
Rcd8 35. Ra3 Ra8 36. Rd2 Ke6 37. Re3+ Kf7 38. Ra3 Ke6 39. g4 Bxd6 40. Rad3 Rad8
41. Re3+ Be5 42. Rxd7 Kxd7 43. Rd3+ Kc8 44. Rxd8+ Kxd8 45. Ke4 Kd7 46. Kd5 Bc3
47. Bf8 f5 48. gxf5 gxf5 49. h5 Bb2 50. Bd6 Bc1 51. Be5 Bh6 52. Bb8 Bd2 1/2-1/2

[Event "4. Copenhagen Open Politiken Cup"]
[Site "Brndby"]
[Date "1982.??.??"]
[Round "8"]
[White "Bellin, Robert"]
[Black "Wiedenkeller, Michael"]
[Result "0-1"]
[WhiteElo "2410"]
[BlackElo "2320"]
[PlyCount "74"]
[EventDate "1982.??.??"]
[EventType "swiss"]
[EventRounds "10"]
[EventCountry "DEN"]
[SourceDate "2004.01.01"]

1. e4 e6 2. d4 d5 3. Nd2 Nc6 4. Ngf3 Nf6 5. e5 Nd7 6. Nb3 Be7 7. Bb5 a5 8. a4
Na7 9. Be2 c5 10. dxc5 Nxc5 11. Bf4 g5 12. Bg3 Nc6 13. Nxg5 Nxb3 14. Nxf7 Kxf7
15. Bh5+ Kg7 16. Qg4+ Kh6 17. Bf7 Bg5 18. cxb3 Qe7 19. f4 Qb4+ 20. Kf1 Be7 21.
Bh4 Nxe5 22. Qh5+ Kg7 23. Qxe5+ Kxf7 24. Bxe7 Kxe7 25. Qg7+ Kd6 26. Qe5+ Ke7
27. Qg7+ Kd6 28. Qe5+ Kc6 29. Rc1+ Kb6 30. Qxh8 Qxf4+ 31. Ke2 Qe4+ 32. Kf2 Qf4+
33. Ke2 e5 34. Qd8+ Ka6 35. Qd6+ b6 36. Qxd5 Bg4+ 37. Kd3 Qf5+ 0-1

[Event "4. Copenhagen Open Politiken Cup"]
[Site "Brndby"]
[Date "1982.??.??"]
[Round "8"]
[White "Cramling, Dan"]
[Black "Zieher, Hartmut"]
[Result "1-0"]
[WhiteElo "2345"]
[BlackElo "2260"]
[PlyCount "43"]
[EventDate "1982.??.??"]
[EventType "swiss"]
[EventRounds "10"]
[EventCountry "DEN"]
[SourceDate "2004.01.01"]

1. c4 c5 2. Nf3 g6 3. d4 Bg7 4. e4 Qa5+ 5. Nc3 Nc6 6. d5 Nd4 7. Bd2 Nxf3+ 8.
Qxf3 d6 9. Bd3 e5 10. dxe6 Bxe6 11. e5 Qb6 12. exd6 O-O-O 13. O-O Qxd6 14. Be4
Qxd2 15. Rad1 Qg5 16. Bxb7+ Kb8 17. Ba6 Bc8 18. Bxc8 Rxc8 19. Rd7 Rc7 20. Rxc7
Kxc7 21. Qxf7+ Qe7 22. Nd5+ 1-0

[Event "4. Copenhagen Open Politiken Cup"]
[Site "Brndby"]
[Date "1982.??.??"]
[Round "8"]
[White "Fedder, Steen"]
[Black "Wedberg, Tom"]
[Result "0-1"]
[WhiteElo "2420"]
[BlackElo "2435"]
[PlyCount "50"]
[EventDate "1982.??.??"]
[EventType "swiss"]
[EventRounds "10"]
[EventCountry "DEN"]
[SourceDate "2004.01.01"]

1. d4 Nf6 2. Nf3 e6 3. c4 c5 4. e3 d5 5. Nc3 Nc6 6. cxd5 exd5 7. Be2 Be7 8. O-O
O-O 9. dxc5 Bxc5 10. b3 a6 11. Bb2 Ba7 12. Rc1 Re8 13. Na4 Ne4 14. Nd4 Qd6 15.
Nxc6 bxc6 16. Qc2 Re6 17. Bd4 Rh6 18. f4 Bxd4 19. exd4 Qf6 20. Qd3 Qh4 21. h3
Bf5 22. Kh2 Rg6 23. Rf3 Re8 24. Qd1 Bg4 25. Re3 Bxh3 0-1

[Event "4. Copenhagen Open Politiken Cup"]
[Site "Brndby"]
[Date "1982.??.??"]
[Round "8"]
[White "Fries Nielsen, Jens Ove"]
[Black "Wicker, Kevin J"]
[Result "0-1"]
[WhiteElo "2355"]
[BlackElo "2275"]
[PlyCount "78"]
[EventDate "1982.??.??"]
[EventType "swiss"]
[EventRounds "10"]
[EventCountry "DEN"]
[SourceDate "2004.01.01"]

1. Nf3 Nf6 2. d4 g6 3. c4 Bg7 4. g3 c5 5. d5 d6 6. Nc3 O-O 7. Bg2 e5 8. O-O Ne8
9. e4 Na6 10. Ne1 Nac7 11. Nd3 Bd7 12. a4 h5 13. f4 b6 14. Bd2 a6 15. fxe5 dxe5
16. a5 b5 17. Nxc5 bxc4 18. Nxd7 Qxd7 19. Na4 Qb5 20. Nb6 Rd8 21. Qc2 Nd6 22.
Kh1 Na8 23. Be3 Nxb6 24. axb6 f5 25. exf5 Nxf5 26. Bg1 Rd6 27. Qa4 Nd4 28.
Rxf8+ Bxf8 29. Qxa6 Rxb6 30. Qxb5 Rxb5 31. Ra2 Nf5 32. Bf1 Nd6 33. Bg2 e4 34.
Be3 Rxd5 35. Ra1 Bg7 36. Bh3 Rd3 37. Be6+ Kh7 38. Bg5 e3 39. Ra8 Bxb2 0-1

[Event "4. Copenhagen Open Politiken Cup"]
[Site "Brndby"]
[Date "1982.??.??"]
[Round "8"]
[White "Gulbrandsen, Arne Vinje"]
[Black "Hansen, Curt"]
[Result "1/2-1/2"]
[WhiteElo "2370"]
[BlackElo "2335"]
[PlyCount "56"]
[EventDate "1982.??.??"]
[EventType "swiss"]
[EventRounds "10"]
[EventCountry "DEN"]
[SourceDate "2004.01.01"]

1. c4 e6 2. Nf3 Nf6 3. g3 d5 4. d4 dxc4 5. Qa4+ Nbd7 6. Qxc4 a6 7. Bg2 b5 8.
Qc2 Bb7 9. O-O c5 10. a4 Be7 11. axb5 axb5 12. Rxa8 Qxa8 13. dxc5 Bxc5 14. Ne1
O-O 15. Qb3 b4 16. Bxb7 Qxb7 17. Nd3 Qe4 18. Re1 e5 19. Nd2 Qb7 20. Nc4 Ne4 21.
Be3 Bxe3 22. Nxe3 Rb8 23. Rc1 h6 24. Nf5 Kf8 25. Qxb4+ Qxb4 26. Nxb4 g6 27. Na6
Ra8 28. Nc7 Rb8 1/2-1/2

[Event "4. Copenhagen Open Politiken Cup"]
[Site "Brndby"]
[Date "1982.??.??"]
[Round "8"]
[White "Hjartarson, Johann"]
[Black "Kovacs, Laszlo"]
[Result "1/2-1/2"]
[WhiteElo "2425"]
[BlackElo "2340"]
[PlyCount "75"]
[EventDate "1982.??.??"]
[EventType "swiss"]
[EventRounds "10"]
[EventCountry "DEN"]
[SourceDate "2004.01.01"]

1. c4 Nf6 2. g3 c6 3. Nf3 d5 4. Qc2 Bg4 5. Bg2 Nbd7 6. d3 dxc4 7. dxc4 e5 8.
O-O Qc7 9. b3 Be7 10. Bb2 O-O 11. Nc3 Rfe8 12. Na4 Bf8 13. h3 Bh5 14. Nh4 Nc5
15. Nxc5 Bxc5 16. g4 Bg6 17. Nxg6 hxg6 18. e3 Rad8 19. Rad1 Qe7 20. Rxd8 Rxd8
21. Rd1 Rxd1+ 22. Qxd1 Qd6 23. Qc2 Nd7 24. g5 Bb6 25. Kf1 a5 26. Bc3 Nc5 27.
Ke2 Bc7 28. Qd2 Qxd2+ 29. Kxd2 f6 30. f4 exf4 31. gxf6 gxf6 32. Bxf6 Kf7 33.
Bc3 Ke6 34. Bd4 fxe3+ 35. Kxe3 Nd7 36. Be4 Ne5 37. Bc2 a4 38. Bxe5 1/2-1/2

[Event "4. Copenhagen Open Politiken Cup"]
[Site "Brndby"]
[Date "1982.??.??"]
[Round "8"]
[White "Hoi, Carsten"]
[Black "Hartung Nielsen, Jens"]
[Result "0-1"]
[WhiteElo "2425"]
[BlackElo "2240"]
[PlyCount "74"]
[EventDate "1982.??.??"]
[EventType "swiss"]
[EventRounds "10"]
[EventCountry "DEN"]
[SourceDate "2004.01.01"]

1. d4 d5 2. c4 e6 3. Nc3 c5 4. e3 Nc6 5. Nf3 Nf6 6. a3 a6 7. Bd3 dxc4 8. Bxc4
b5 9. Ba2 Bb7 10. O-O Bd6 11. Qe2 O-O 12. dxc5 Bxc5 13. b4 Bb6 14. Bb2 Qe7 15.
Rac1 Rac8 16. Ng5 Nb8 17. Rfd1 h6 18. Nf3 Nbd7 19. e4 Ng4 20. Rf1 Rfd8 21. h3
Nge5 22. Nxe5 Nxe5 23. Rcd1 Nc4 24. Bxc4 Rxc4 25. Rxd8+ Qxd8 26. Kh1 Bd4 27.
Nd1 Bxb2 28. Qxb2 Rxe4 29. Ne3 Rd4 30. Kg1 Rd2 31. Qe5 Qd6 32. Qh5 Qf4 33. Qc5
Be4 34. Qc3 Rd3 35. Qc8+ Kh7 36. Qxa6 Qg5 37. g4 Rxe3 0-1

[Event "4. Copenhagen Open Politiken Cup"]
[Site "Brndby"]
[Date "1982.??.??"]
[Round "8"]
[White "Horvath, Tamas"]
[Black "Velikov, Petar"]
[Result "1/2-1/2"]
[WhiteElo "2400"]
[BlackElo "2470"]
[PlyCount "38"]
[EventDate "1982.??.??"]
[EventType "swiss"]
[EventRounds "10"]
[EventCountry "DEN"]
[SourceDate "2004.01.01"]

1. e4 c5 2. Nf3 e6 3. d4 cxd4 4. Nxd4 a6 5. Nc3 Qc7 6. Be2 Nf6 7. O-O Be7 8. f4
d6 9. Kh1 O-O 10. Qe1 Nc6 11. Be3 Nxd4 12. Bxd4 b5 13. a3 Bb7 14. Qg3 Rad8 15.
Rad1 Bc6 16. Bf3 Qb7 17. f5 e5 18. Be3 Kh8 19. Bg5 a5 1/2-1/2

[Event "4. Copenhagen Open Politiken Cup"]
[Site "Brndby"]
[Date "1982.??.??"]
[Round "8"]
[White "Jakobsen, Ole"]
[Black "Akesson, Ralf"]
[Result "1/2-1/2"]
[WhiteElo "2410"]
[BlackElo "2405"]
[PlyCount "38"]
[EventDate "1982.??.??"]
[EventType "swiss"]
[EventRounds "10"]
[EventCountry "DEN"]
[SourceDate "2004.01.01"]

1. d4 Nf6 2. c4 e6 3. Nc3 Bb4 4. Bd2 c5 5. a3 Bxc3 6. Bxc3 Ne4 7. Rc1 Qh4 8. g3
Nxc3 9. bxc3 Qe7 10. Bg2 O-O 11. Nh3 Nc6 12. O-O d6 13. f4 e5 14. dxe5 Bxh3 15.
Bxh3 dxe5 16. Qd7 Rfe8 17. Rb1 exf4 18. Qxe7 Rxe7 19. Rxf4 Rd8 1/2-1/2

[Event "4. Copenhagen Open Politiken Cup"]
[Site "Brndby"]
[Date "1982.??.??"]
[Round "8"]
[White "Kaiszauri, Konstanty"]
[Black "Sorensen, Henrik"]
[Result "1-0"]
[WhiteElo "2395"]
[BlackElo "2235"]
[PlyCount "87"]
[EventDate "1982.??.??"]
[EventType "swiss"]
[EventRounds "10"]
[EventCountry "DEN"]
[SourceDate "2004.01.01"]

1. c4 e5 2. Nc3 Nf6 3. Nf3 Nc6 4. g3 Bb4 5. Bg2 Bxc3 6. dxc3 d6 7. O-O O-O 8.
Qc2 Be6 9. b3 h6 10. Nh4 Qd7 11. e4 Bh3 12. Bxh3 Qxh3 13. Nf5 Rae8 14. f3 Nd8
15. Be3 b6 16. b4 Ne6 17. a4 Nh7 18. a5 Nhg5 19. Qg2 f6 20. Qxh3 Nxh3+ 21. Kg2
Nhg5 22. h4 Nf7 23. h5 Nfg5 24. Ra2 Kf7 25. axb6 axb6 26. Bxb6 Ra8 27. Ba5 Ra7
28. Rd2 Rfa8 29. Rfd1 Nf8 30. Ne3 Nge6 31. Nd5 Rb8 32. Kf2 Rba8 33. f4 Rc8 34.
Ke3 exf4+ 35. gxf4 Re8 36. f5 Ng5 37. Nxc7 Rxe4+ 38. Kd3 Re5 39. Nb5 Ra6 40.
Kc2 Ne4 41. Nxd6+ Nxd6 42. Rxd6 Rxd6 43. Rxd6 Rxf5 44. c5 1-0

[Event "4. Copenhagen Open Politiken Cup"]
[Site "Brndby"]
[Date "1982.??.??"]
[Round "8"]
[White "King, Daniel J"]
[Black "Cramling, Pia"]
[Result "0-1"]
[WhiteElo "2365"]
[BlackElo "2260"]
[PlyCount "66"]
[EventDate "1982.??.??"]
[EventType "swiss"]
[EventRounds "10"]
[EventCountry "DEN"]
[SourceDate "2004.01.01"]

1. g3 g6 2. Bg2 Bg7 3. d4 c5 4. d5 d6 5. c4 Nf6 6. Nc3 O-O 7. e4 a6 8. a4 e6 9.
Nge2 exd5 10. exd5 Nbd7 11. O-O Ne5 12. b3 Bf5 13. h3 h5 14. Be3 Re8 15. Ra2
Nd3 16. Rd2 Nb4 17. Bf4 Nd7 18. Na2 Nxa2 19. Rxa2 Ne5 20. Bd2 Qd7 21. Kh2 b5
22. axb5 axb5 23. Rxa8 Rxa8 24. cxb5 Qxb5 25. Nc3 Qd3 26. Na4 Rb8 27. f4 Rxb3
28. Nc3 Rb2 29. Bc1 Rc2 30. fxe5 Qxc3 31. exd6 Be4 32. Rg1 Bxg2 33. Rxg2 Rxc1
0-1

[Event "4. Copenhagen Open Politiken Cup"]
[Site "Brndby"]
[Date "1982.??.??"]
[Round "8"]
[White "Kirov, Nino"]
[Black "Iskov, Gert"]
[Result "1/2-1/2"]
[WhiteElo "2430"]
[BlackElo "2380"]
[PlyCount "43"]
[EventDate "1982.??.??"]
[EventType "swiss"]
[EventRounds "10"]
[EventCountry "DEN"]
[SourceDate "2004.01.01"]

1. Nf3 g6 2. d4 Nf6 3. c4 Bg7 4. g3 O-O 5. Bg2 c5 6. O-O Nc6 7. Nc3 cxd4 8.
Nxd4 Ng4 9. e3 d6 10. b3 Nxd4 11. exd4 Nh6 12. Bb2 Nf5 13. Nd5 Bd7 14. Re1 Bc6
15. Ne3 Nxe3 16. Rxe3 Bxg2 17. Kxg2 e6 18. Re2 Rc8 19. Rc1 Qa5 20. Bc3 Qa6 21.
a4 b6 22. Rec2 1/2-1/2

[Event "4. Copenhagen Open Politiken Cup"]
[Site "Brndby"]
[Date "1982.??.??"]
[Round "8"]
[White "Kopec, Danny"]
[Black "Jacobsen, Bo"]
[Result "1-0"]
[WhiteElo "2375"]
[BlackElo "2315"]
[PlyCount "83"]
[EventDate "1982.??.??"]
[EventType "swiss"]
[EventRounds "10"]
[EventCountry "DEN"]
[SourceDate "2004.01.01"]

1. d4 Nf6 2. Nf3 g6 3. g3 Bg7 4. Bg2 O-O 5. O-O d6 6. c4 Nc6 7. Nc3 a6 8. h3
Rb8 9. Qc2 b5 10. d5 b4 11. Ne4 Nxe4 12. Qxe4 Na5 13. Nd4 Bd7 14. Qd3 Nb7 15.
Bg5 Nc5 16. Qd2 Re8 17. Kh2 Qc8 18. Bh6 Bh8 19. e4 e5 20. dxe6 Nxe6 21. Be3 Nc5
22. f3 Be6 23. Rac1 a5 24. Nc6 Rb6 25. Nd4 a4 26. Rfe1 Bd7 27. Ne2 Bc6 28. Nf4
Qd8 29. Bd4 Bxd4 30. Qxd4 Qe7 31. h4 Qe5 32. Qd2 Rbb8 33. Nd5 Bxd5 34. cxd5 b3
35. a3 Qg7 36. f4 f6 37. Rc4 Re7 38. Rec1 Rbe8 39. Rxc5 dxc5 40. Rxc5 Rxe4 41.
Bxe4 Rxe4 42. d6 1-0

[Event "4. Copenhagen Open Politiken Cup"]
[Site "Brndby"]
[Date "1982.??.??"]
[Round "8"]
[White "Kraehenbuehl, Gerhard"]
[Black "Hvenekilde, Jorgen"]
[Result "1/2-1/2"]
[WhiteElo "2305"]
[BlackElo "2285"]
[PlyCount "146"]
[EventDate "1982.??.??"]
[EventType "swiss"]
[EventRounds "10"]
[EventCountry "DEN"]
[SourceDate "2004.01.01"]

1. c4 Nf6 2. Nc3 g6 3. g3 Bg7 4. Bg2 O-O 5. Nf3 d6 6. O-O Nc6 7. d4 Bf5 8. Re1
Ne4 9. Nd5 e5 10. Be3 Re8 11. Rc1 exd4 12. Nxd4 Bd7 13. Nb5 Rc8 14. b4 Nf6 15.
Nxf6+ Bxf6 16. Qd2 a6 17. Nd4 Nxb4 18. Qxb4 c5 19. Qxb7 cxd4 20. Bf4 Bg4 21. f3
Be6 22. Qxa6 g5 23. Bd2 Ra8 24. Qb5 Rxa2 25. Rcd1 Qc8 26. e4 Bxc4 27. Qb1 Re5
28. Bf1 d3 29. Bxd3 Rb5 30. Qc1 Rc5 31. Be3 Qh3 32. Rd2 Bxd3 33. Bxc5 Ra1 34.
Qxa1 Bxa1 35. Rxa1 dxc5 36. Rxd3 h6 37. Rc1 Qe6 38. g4 Qe5 39. Rc2 Qa1+ 40. Kg2
Qe1 41. Rdc3 h5 42. Rxc5 f6 43. R5c4 hxg4 44. fxg4 Kg7 45. h3 Kg6 46. Rf2 Qe3
47. Rb4 Qe1 48. Rb5 Qxe4+ 49. Kh2 Qd4 50. Rbf5 Qd6+ 51. Kg2 Qc6+ 52. R5f3 Kg7
53. h4 gxh4 54. Kh3 Qc1 55. Kxh4 Qh1+ 56. Kg3 Qg1+ 57. Rg2 Qe1+ 58. Kh2 Qh4+
59. Kg1 Qe1+ 60. Rf1 Qe3+ 61. Kh2 Qg5 62. Rg3 Qd2+ 63. Kg1 Kg6 64. Rf2 Qe1+ 65.
Kg2 Qe4+ 66. Rgf3 Kg5 67. Kh2 Qh7+ 68. Kg2 Qe4 69. Kg1 Qb1+ 70. Rf1 Qb6+ 71.
Kg2 Qb7 72. Kg1 Qb6+ 73. R1f2 Qb1+ 1/2-1/2

[Event "4. Copenhagen Open Politiken Cup"]
[Site "Brndby"]
[Date "1982.??.??"]
[Round "8"]
[White "Sahl, Bjarke"]
[Black "Thorsteins, Karl"]
[Result "1/2-1/2"]
[WhiteElo "2380"]
[BlackElo "2305"]
[PlyCount "67"]
[EventDate "1982.??.??"]
[EventType "swiss"]
[EventRounds "10"]
[EventCountry "DEN"]
[SourceDate "2004.01.01"]

1. e4 g6 2. d4 Bg7 3. Nf3 d6 4. Nc3 a6 5. Be2 b5 6. O-O Nd7 7. Re1 c5 8. a4 b4
9. Nd5 Bb7 10. Bg5 Ngf6 11. dxc5 dxc5 12. Bc4 O-O 13. e5 Nxd5 14. Bxd5 Bxd5 15.
Qxd5 h6 16. e6 Nb6 17. exf7+ Rxf7 18. Qe6 Qd5 19. Qxb6 hxg5 20. Rad1 Qf5 21.
Qc6 Rc8 22. Qxa6 Rcf8 23. Qc4 g4 24. Nd2 Qxf2+ 25. Kh1 Qd4 26. Qe6 Kh8 27. Nf3
Qf4 28. Ng1 Bd4 29. g3 Qg5 30. Ne2 Rf2 31. Nxd4 cxd4 32. Rxd4 Rxc2 33. Rxg4
Rff2 34. Rxg5 1/2-1/2

[Event "4. Copenhagen Open Politiken Cup"]
[Site "Brndby"]
[Date "1982.??.??"]
[Round "8"]
[White "Laird, Craig"]
[Black "Jahr, Ulrich"]
[Result "1-0"]
[WhiteElo "2340"]
[BlackElo "2240"]
[PlyCount "59"]
[EventDate "1982.??.??"]
[EventType "swiss"]
[EventRounds "10"]
[EventCountry "DEN"]
[SourceDate "2004.01.01"]

1. d4 f5 2. Nc3 Nf6 3. Bg5 d5 4. Bxf6 exf6 5. e3 c6 6. Bd3 g6 7. Qf3 Bd6 8.
Nge2 Be6 9. h3 Na6 10. a3 Qa5 11. g4 Nb4 12. axb4 Qxa1+ 13. Kd2 fxg4 14. hxg4
Qxb2 15. Qxf6 Kd7 16. Qg7+ Be7 17. Nf4 Raf8 18. b5 Qa3 19. Rb1 c5 20. Rb3 Qa5
21. dxc5 Rhg8 22. Qe5 Rxf4 23. exf4 Bxc5 24. f5 Bf7 25. b6 a6 26. Qc7+ Ke8 27.
Bb5+ axb5 28. Qc8+ Ke7 29. Qxc5+ Kf6 30. Ra3 1-0

[Event "4. Copenhagen Open Politiken Cup"]
[Site "Brndby"]
[Date "1982.??.??"]
[Round "8"]
[White "Moe, Mogens"]
[Black "Boehm, Jurgen"]
[Result "1/2-1/2"]
[WhiteElo "2365"]
[BlackElo "2250"]
[PlyCount "73"]
[EventDate "1982.??.??"]
[EventType "swiss"]
[EventRounds "10"]
[EventCountry "DEN"]
[SourceDate "2004.01.01"]

1. e4 e6 2. d4 d5 3. Nc3 Bb4 4. e5 Ne7 5. Bd2 c5 6. Nb5 Bxd2+ 7. Qxd2 O-O 8. c3
Nbc6 9. f4 cxd4 10. cxd4 f6 11. exf6 Rxf6 12. Nf3 Qa5 13. Nc3 Bd7 14. g3 Be8
15. Bh3 Bg6 16. O-O Bf5 17. g4 Rg6 18. Ng5 h6 19. gxf5 exf5 20. Bg2 hxg5 21.
fxg5 Re6 22. Rae1 Rxe1 23. Qxe1 Kf7 24. Bxd5+ Ke8 25. Rxf5 Qb6 26. Bxc6+ bxc6
27. Rc5 Rd8 28. Qf2 Qb4 29. Ne2 Qxb2 30. Re5 Rd5 31. Qe3 Rxe5 32. Qxe5 Qxa2 33.
Nf4 Qb1+ 34. Kg2 Qf5 35. Qb8+ Kf7 36. g6+ Nxg6 37. Qxa7+ 1/2-1/2

[Event "4. Copenhagen Open Politiken Cup"]
[Site "Brndby"]
[Date "1982.??.??"]
[Round "8"]
[White "Portisch, Ferenc"]
[Black "Cox, John J"]
[Result "1-0"]
[WhiteElo "2410"]
[BlackElo "2285"]
[PlyCount "117"]
[EventDate "1982.??.??"]
[EventType "swiss"]
[EventRounds "10"]
[EventCountry "DEN"]
[SourceDate "2004.01.01"]

1. d4 d5 2. c4 Nc6 3. Nf3 Bg4 4. cxd5 Bxf3 5. gxf3 Qxd5 6. e3 e5 7. Nc3 Bb4 8.
Bd2 Bxc3 9. bxc3 exd4 10. cxd4 Nge7 11. Bg2 Nf5 12. Qb3 Qxb3 13. axb3 Nh4 14.
Rg1 Nxg2+ 15. Rxg2 g6 16. d5 Ne7 17. e4 Kd7 18. Ke2 c6 19. dxc6+ Nxc6 20. Be3
Ke6 21. Rg5 Rhd8 22. Rb5 b6 23. f4 Nd4+ 24. Bxd4 Rxd4 25. Ke3 Rd6 26. f5+ gxf5
27. Rxf5 a5 28. Rc1 Rad8 29. Rc3 f6 30. Rh5 R8d7 31. f3 Rf7 32. Kf4 Rfd7 33.
Rb5 Ke7 34. Rc2 Ke6 35. Rc8 Rb7 36. Rh8 Rd3 37. h4 Rc3 38. Ra8 Rcc7 39. Ra6 Kf7
40. Kf5 Rc3 41. f4 Rbc7 42. Raxb6 R7c5+ 43. Rxc5 Rxc5+ 44. e5 fxe5 45. fxe5 Rc3
46. Rb7+ Kf8 47. Kf6 Rf3+ 48. Ke6 Rh3 49. Rb8+ Kg7 50. Ke7 Rxh4 51. e6 a4 52.
Ke8 axb3 53. e7 Rd4 54. Rxb3 h5 55. Rg3+ Kh6 56. Kf7 Rf4+ 57. Ke6 Re4+ 58. Kf6
Re1 59. Rg6+ 1-0

[Event "4. Copenhagen Open Politiken Cup"]
[Site "Brndby"]
[Date "1982.??.??"]
[Round "8"]
[White "Ravikumar, Vaidyanathan"]
[Black "Sorensen, Bent"]
[Result "1-0"]
[WhiteElo "2395"]
[BlackElo "2305"]
[PlyCount "97"]
[EventDate "1982.??.??"]
[EventType "swiss"]
[EventRounds "10"]
[EventCountry "DEN"]
[SourceDate "2004.01.01"]

1. d4 d5 2. Nf3 Nf6 3. c4 e6 4. Nc3 c6 5. cxd5 exd5 6. Bg5 Bf5 7. e3 Nbd7 8.
Bd3 Bxd3 9. Qxd3 Bd6 10. Bh4 O-O 11. Bg3 Bxg3 12. hxg3 Qe7 13. Rh4 Rfe8 14.
O-O-O Ne4 15. Nd2 f5 16. Ndxe4 fxe4 17. Qc2 Nf6 18. Kb1 Rac8 19. Qb3 Red8 20.
a3 g6 21. Ka2 Kg7 22. Rdh1 Rh8 23. f3 b6 24. fxe4 dxe4 25. Rf4 Rhf8 26. Rhf1 g5
27. Rf5 Ng4 28. Nd1 Rxf5 29. Rxf5 Rf8 30. Rxf8 Qxf8 31. Qc4 Qf7 32. Kb3 Nf6 33.
Nc3 Qd7 34. a4 Kf8 35. a5 Ke8 36. Nxe4 Nd5 37. axb6 axb6 38. Nxg5 b5 39. Qc2 h6
40. Qg6+ Kd8 41. Ne6+ Ke7 42. Nc5 Qd6 43. Qg7+ Ke8 44. e4 Ne3 45. Kc3 Nd1+ 46.
Kc2 Nf2 47. b4 h5 48. Qg8+ Ke7 49. Qh7+ 1-0

[Event "4. Copenhagen Open Politiken Cup"]
[Site "Brndby"]
[Date "1982.??.??"]
[Round "8"]
[White "Schneider, Lars Ake"]
[Black "Johansen, Darryl Keith"]
[Result "0-1"]
[WhiteElo "2435"]
[BlackElo "2275"]
[PlyCount "70"]
[EventDate "1982.??.??"]
[EventType "swiss"]
[EventRounds "10"]
[EventCountry "DEN"]
[SourceDate "2004.01.01"]

1. c4 c5 2. Nf3 g6 3. d4 Bg7 4. Nc3 cxd4 5. Nxd4 Nc6 6. e3 Nf6 7. Be2 O-O 8.
O-O d5 9. cxd5 Nxd5 10. Nxc6 bxc6 11. Na4 Rb8 12. e4 Nf6 13. Qc2 Qa5 14. Bf4
Rb4 15. Nc5 Nxe4 16. Nxe4 Qf5 17. Bd2 Rxb2 18. Qd3 Rxd2 19. Qxd2 Bxa1 20. Rxa1
Qxe4 21. Bf3 Qe5 22. Rc1 c5 23. Qa5 Bf5 24. Re1 Qd6 25. Qxa7 e5 26. Rd1 Bd3 27.
Qa3 Rd8 28. Be2 e4 29. f3 Qd4+ 30. Kh1 Qf2 31. Qa5 Re8 32. Bxd3 exd3 33. h3 Re2
34. Qd8+ Kg7 35. Qg5 h6 0-1

[Event "4. Copenhagen Open Politiken Cup"]
[Site "Brndby"]
[Date "1982.??.??"]
[Round "8"]
[White "Trepp, Markus"]
[Black "Carlsson, Gerner"]
[Result "1-0"]
[WhiteElo "2210"]
[BlackElo "2210"]
[PlyCount "75"]
[EventDate "1982.??.??"]
[EventType "swiss"]
[EventRounds "10"]
[EventCountry "DEN"]
[SourceDate "2004.01.01"]

1. e4 e5 2. Nf3 Nc6 3. Bb5 a6 4. Ba4 Nf6 5. d4 Nxd4 6. Nxd4 exd4 7. e5 Ne4 8.
Qxd4 Nc5 9. Nc3 Be7 10. Ne4 Nxa4 11. Qxa4 O-O 12. Bf4 b5 13. Qd4 Bb7 14. O-O-O
Bxe4 15. Qxe4 Bg5 16. Bxg5 Qxg5+ 17. f4 Qg4 18. Kb1 Rae8 19. h3 Qe6 20. Qd4 Re7
21. Qc5 f6 22. exf6 Qxf6 23. Qxc7 Qxf4 24. Qb7 Re2 25. Rxd7 Qf1+ 26. Rd1 Qxg2
27. Qxa6 Rfe8 28. Qxb5 Qg6 29. Qd3 Qb6 30. Qb3+ Qxb3 31. axb3 Rc8 32. c3 Rf8
33. Rhf1 Rfe8 34. Rd3 Rh2 35. Rdf3 g6 36. R1f2 Rh1+ 37. Kc2 Ree1 38. b4 1-0

[Event "4. Copenhagen Open Politiken Cup"]
[Site "Brndby"]
[Date "1982.??.??"]
[Round "8"]
[White "Van Mil, Johan"]
[Black "Rosenlund, Thorbjorn"]
[Result "1/2-1/2"]
[WhiteElo "2315"]
[BlackElo "2260"]
[PlyCount "99"]
[EventDate "1982.??.??"]
[EventType "swiss"]
[EventRounds "10"]
[EventCountry "DEN"]
[SourceDate "2004.01.01"]

1. e4 c5 2. Nf3 e6 3. d4 cxd4 4. Nxd4 Nf6 5. Nc3 Nc6 6. a3 d6 7. Be3 Bd7 8. f4
Be7 9. Bd3 O-O 10. O-O e5 11. fxe5 Ng4 12. Nxc6 bxc6 13. Qe2 Nxe5 14. Bd4 Bf6
15. Kh1 Rb8 16. Nd1 c5 17. Bc3 c4 18. Bxc4 Bg4 19. Qe1 Bh4 20. g3 Nxc4 21. gxh4
Qe7 22. Rf4 Bd7 23. Qg3 f5 24. exf5 Rxf5 25. Nf2 Ne5 26. Rxf5 Bxf5 27. Re1 Qb7+
28. Qg2 Nf3 29. Re3 Nxh4 30. Qxb7 Rxb7 31. Nd3 Kf7 32. Kg1 g6 33. Be1 Bxd3 34.
Rxd3 Nf5 35. b3 Ke6 36. Rc3 Kd5 37. Bf2 Re7 38. Kf1 h5 39. Rc4 Ne3+ 40. Bxe3
Rxe3 41. Rc7 Rh3 42. Kg2 Re3 43. Rxa7 Re2+ 44. Kg3 Rxc2 45. b4 g5 46. Ra5+ Kc4
47. Rxg5 Rc3+ 48. Kh4 Rxa3 49. b5 Rb3 50. Rxh5 1/2-1/2

[Event "4. Copenhagen Open Politiken Cup"]
[Site "Brndby"]
[Date "1982.??.??"]
[Round "8"]
[White "Westerinen, Heikki"]
[Black "Pliester, Leon"]
[Result "1/2-1/2"]
[WhiteElo "2440"]
[BlackElo "2315"]
[PlyCount "37"]
[EventDate "1982.??.??"]
[EventType "swiss"]
[EventRounds "10"]
[EventCountry "DEN"]
[SourceDate "2004.01.01"]

1. e4 e5 2. Nf3 Nc6 3. Bb5 Nf6 4. d3 d6 5. a4 Be7 6. O-O O-O 7. Re1 Bd7 8. a5
a6 9. Bc4 Be6 10. Nbd2 Qd7 11. c3 Rae8 12. Qb3 Qc8 13. Nf1 Nh5 14. Ne3 Nf4 15.
Nd5 Bxd5 16. exd5 Nd8 17. Bxf4 exf4 18. Re4 f5 19. Re2 1/2-1/2